000 00750nam a2200193Ia 4500
999 _c64434
_d64434
003 GCL
005 20240530110731.0
008 140319s9999 xx 000 0 ara d
040 _aGCL /
_cGCL
082 0 4 _a015.62 \
_bد ث
100 1 _aدار الكتب والوثائق القومية
245 1 2 _aالثبت الببليوجرافى للكتب المترجمة الى اللغة العربية فى مصر 1994 /
_cدار الكتب والوثائق القومية .
260 _aالقاهرة :
_bالهيئة المصرية العامة للكتاب ،
_c1995
300 _a94 ص. ؛
_c24 سم.
490 _aالاعمال الروائية
_v0
650 0 4 _aالكتب
650 0 4 _aالاعمال المترجمة
942 _2ddc
_cBK